Pride and prejudice: an interreligious approach
Guardat en:
| Format: | Llibre |
|---|---|
| Idioma: | anglès |
| Publicat: |
Jerusalén
Israel Interfaith Association
1997
|
| Matèries: | |
| Etiquetes: |
Afegir etiqueta
Sense etiquetes, Sigues el primer a etiquetar aquest registre!
|
MARC
| LEADER | 00000nam a2200000 a 4500 | ||
|---|---|---|---|
| 001 | UCK1162 | ||
| 003 | CL-VaPUC | ||
| 005 | 20230823124253.0 | ||
| 008 | 041105e19970000is 1 eng d | ||
| 082 | 0 | 4 | |a 280.042 |b PRI |2 21 |
| 245 | 1 | 0 | |a Pride and prejudice: an interreligious approach |
| 260 | |a Jerusalén |b Israel Interfaith Association |c 1997 | ||
| 300 | |a 63 p | ||
| 583 | |a last modification |c 20190823 10:34:22 |k Rodrigo Vera | ||
| 650 | 0 | 0 | |a Ecumenismo |9 255639 |
| 650 | 0 | 0 | |a Creencia Religiosa |9 316904 |
| 650 | 0 | 7 | |a CONFESIONES |2 CL-VaPUC |9 438538 |
| 650 | 0 | 0 | |a Islamismo |9 314084 |
| 650 | 0 | 0 | |a Judaísmo |9 269348 |
| 650 | 0 | 0 | |a Cristianismo |9 257361 |
| 942 | |c BK | ||
| 945 | |a cmena |d 20041105 00:00:00 | ||
| 546 | |a En Inglés | ||
| 536 | |a Konrad Adenauer Foundation | ||
| 518 | |p Seminar Pride and Prejudice, 1, Jerusalén, 20 to the 21 of june 1996 | ||
| 999 | |c 384088 |d 384086 | ||
| 952 | |0 0 |1 0 |4 0 |6 280_042000000000000_PRI_1997 |7 0 |8 A |9 506532 |a BIBTEO |b BIBTEO |d 2020-01-23 |i 4076028 |o 280.042 PRI 1997 |p 4076028 |r 2025-01-17 |w 2020-01-23 |y BK |k ICR | ||